[Event "Bundesliga 9900"]
[Site "Deutschland"]
[Date "2000.02.20"]
[Round "11.5"]
[White "Espig, Lutz"]
[Black "Borik, Otto"]
[Result "1/2-1/2"]
[WhiteElo "2402"]
[BlackElo "2416"]
[PlyCount "40"]
[EventDate "1999.10.09"]
[EventType "team"]
[EventRounds "15"]
[EventCountry "GER"]
[SourceTitle "Bundesliga 9900"]
[Source "DeepChess"]
[SourceDate "2005.01.01"]
[SourceVersion "1"]
[SourceVersionDate "2005.01.01"]
[SourceQuality "1"]
[WhiteTeam "SK Koenig Plauen"]
[BlackTeam "Delmenhorster SK 1931"]
[WhiteTeamCountry "GER"]
[BlackTeamCountry "GER"]

1. Nf3 Nf6 2. c4 e6 3. g3 d5 4. b3 c5 5. Bg2 Nc6 6. O-O d4 7. e3 e5 8. exd4
exd4 9. d3 Be7 10. Re1 O-O 11. a3 h6 12. Nbd2 Bf5 13. Qc2 Qd7 14. Bb2 a5 15.
Ne5 Nxe5 16. Rxe5 Bd6 17. Ree1 Rae8 18. Ne4 Nxe4 19. dxe4 Be6 20. f4 f6 1/2-1/2

[Event "Bundesliga 9900"]
[Site "Deutschland"]
[Date "2000.02.20"]
[Round "11.6"]
[White "Beckemeier, Werner"]
[Black "Schaller, Sven"]
[Result "1/2-1/2"]
[WhiteElo "2374"]
[BlackElo "2308"]
[PlyCount "128"]
[EventDate "1999.10.09"]
[EventType "team"]
[EventRounds "15"]
[EventCountry "GER"]
[SourceTitle "Bundesliga 9900"]
[Source "DeepChess"]
[SourceDate "2005.01.01"]
[SourceVersion "1"]
[SourceVersionDate "2005.01.01"]
[SourceQuality "1"]
[WhiteTeam "Delmenhorster SK 1931"]
[BlackTeam "SK Koenig Plauen"]
[WhiteTeamCountry "GER"]
[BlackTeamCountry "GER"]

1. Nf3 c5 2. g3 g6 3. Bg2 Bg7 4. O-O Nc6 5. e4 d6 6. Re1 Bg4 7. h3 Bxf3 8. Bxf3
Rb8 9. c3 b5 10. Bg2 e6 11. f4 Nge7 12. f5 Qd7 13. g4 h5 14. Rf1 Be5 15. f6
hxg4 16. fxe7 gxh3 17. Qf3 Qxe7 18. Bxh3 Qg5+ 19. Qg4 Bh2+ 20. Kg2 Qe5 21. d3
f5 22. Qf3 Kd7 23. Rh1 g5 24. Rxh2 g4 25. Qf4 gxh3+ 26. Kh1 Rbg8 27. Qf1 Qg7
28. Be3 Ne5 29. Nd2 Ng4 30. Bg1 Nxh2 31. Bxh2 Qg2+ 32. Qxg2 hxg2+ 33. Kg1 f4
34. Nf3 e5 35. Kf2 c4 36. d4 exd4 37. cxd4 Rg4 38. Rg1 Rhg8 39. Ne1 b4 40. Rxg2
c3 41. bxc3 Rxg2+ 42. Nxg2 bxc3 43. Bxf4 Rb8 44. Ke3 Rb2 45. Ne1 Rxa2 46. Kd3
Ra1 47. Nc2 Rh1 48. Be3 Rh4 49. d5 a5 50. Bd4 Rh3+ 51. Ne3 a4 52. Kxc3 a3 53.
Kb3 Rh4 54. Kxa3 Rxe4 55. Nc2 Rh4 56. Kb3 Rh1 57. Ne3 Rc1 58. Bc3 Rh1 59. Kc4
Rh4+ 60. Kb5 Rh5 61. Kb6 Rh3 62. Bd2 Rh2 63. Bb4 Rh3 64. Bd2 Rh2 1/2-1/2

[Event "Bundesliga 9900"]
[Site "Deutschland"]
[Date "2000.02.20"]
[Round "11.7"]
[White "Haskamp, Stephan"]
[Black "Breutigam, Martin"]
[Result "0-1"]
[WhiteElo "2297"]
[BlackElo "2343"]
[PlyCount "104"]
[EventDate "1999.10.09"]
[EventType "team"]
[EventRounds "15"]
[EventCountry "GER"]
[SourceTitle "Bundesliga 9900"]
[Source "DeepChess"]
[SourceDate "2005.01.01"]
[SourceVersion "1"]
[SourceVersionDate "2005.01.01"]
[SourceQuality "1"]
[WhiteTeam "SK Koenig Plauen"]
[BlackTeam "Delmenhorster SK 1931"]
[WhiteTeamCountry "GER"]
[BlackTeamCountry "GER"]

1. e4 e6 2. Qe2 c5 3. g3 Nc6 4. Bg2 Nge7 5. f4 d5 6. d3 g6 7. Nf3 Bg7 8. c3 b6
9. Na3 Ba6 10. e5 Qc7 11. Bd2 O-O 12. O-O Rad8 13. Rac1 Qd7 14. Be1 d4 15. c4
Nf5 16. Bd2 f6 17. exf6 Bxf6 18. Nc2 Bxc4 19. dxc4 d3 20. Qe4 dxc2 21. Rxc2
Ncd4 22. Nxd4 Qxd4+ 23. Kh1 Qxe4 24. Bxe4 Nd4 25. Rc3 Nb3 26. axb3 Rxd2 27. Rc2
Rxc2 28. Bxc2 Bxb2 29. Re1 Kf7 30. Kg2 a6 31. g4 h6 32. Kf3 g5 33. f5 e5 34.
Be4 Kf6 35. Bd5 b5 36. Re2 Ba3 37. Ra2 b4 38. Ke4 a5 39. Bc6 Rd8 40. Bd5 h5 41.
h3 hxg4 42. hxg4 Rh8 43. Ke3 a4 44. bxa4 Bc1+ 45. Kf2 Rh2+ 46. Bg2 b3 47. Ra1
b2 48. Rb1 e4 49. a5 e3+ 50. Ke1 Rxg2 51. a6 Rd2 52. a7 Rd8 0-1

[Event "Bundesliga 9900"]
[Site "Deutschland"]
[Date "2000.02.20"]
[Round "11.8"]
[White "Dornieden, Manfred"]
[Black "Sandner, Gunter"]
[Result "1/2-1/2"]
[WhiteElo "2249"]
[BlackElo "2361"]
[PlyCount "55"]
[EventDate "1999.10.09"]
[EventType "team"]
[EventRounds "15"]
[EventCountry "GER"]
[SourceTitle "Bundesliga 9900"]
[Source "DeepChess"]
[SourceDate "2005.01.01"]
[SourceVersion "1"]
[SourceVersionDate "2005.01.01"]
[SourceQuality "1"]
[WhiteTeam "Delmenhorster SK 1931"]
[BlackTeam "SK Koenig Plauen"]
[WhiteTeamCountry "GER"]
[BlackTeamCountry "GER"]

1. c4 Nf6 2. Nf3 e6 3. g3 c5 4. Bg2 Nc6 5. O-O Be7 6. d4 cxd4 7. Nxd4 O-O 8.
Nc3 a6 9. b3 Qb6 10. Nc2 Qc7 11. Bb2 b6 12. Rc1 Bb7 13. Nd5 exd5 14. cxd5 Nd8
15. Ne3 Qb8 16. Nf5 Re8 17. e4 Bf8 18. Re1 d6 19. Bxf6 gxf6 20. Qg4+ Kh8 21.
Qh4 Bg7 22. Re3 Bc8 23. Nxg7 Kxg7 24. Rf3 Ra7 25. Qxf6+ Kg8 26. Qg5+ Kh8 27.
Qf6+ Kg8 28. Qg5+ 1/2-1/2

[Event "Bundesliga 9900"]
[Site "Deutschland"]
[Date "2000.02.20"]
[Round "11.1"]
[White "Tischbierek, Raj"]
[Black "Hracek, Zbynek"]
[Result "1/2-1/2"]
[WhiteElo "2526"]
[BlackElo "2620"]
[PlyCount "62"]
[EventDate "1999.10.09"]
[EventType "team"]
[EventRounds "15"]
[EventCountry "GER"]
[SourceTitle "Bundesliga 9900"]
[Source "DeepChess"]
[SourceDate "2005.01.01"]
[SourceVersion "1"]
[SourceVersionDate "2005.01.01"]
[SourceQuality "1"]
[WhiteTeam "Dresdner SC 1898"]
[BlackTeam "SAbt SV Werder Bremen"]
[WhiteTeamCountry "GER"]
[BlackTeamCountry "GER"]

1. d4 Nf6 2. Nf3 e6 3. g3 c5 4. Bg2 cxd4 5. O-O d5 6. Nxd4 e5 7. Nb3 Be6 8. Nc3
Be7 9. f4 exf4 10. gxf4 g6 11. Kh1 Nc6 12. Be3 O-O 13. Qd2 Re8 14. Rad1 Bf5 15.
Nd4 Nxd4 16. Bxd4 Ne4 17. Nxe4 dxe4 18. c4 Qc7 19. b3 Rad8 20. Qc3 b6 21. Bh3
Qc8 22. Bxf5 Qxf5 23. Qc2 h5 24. e3 Rd7 25. Rg1 Red8 26. Qb2 Bf6 27. Qf2 Rd6
28. Rd2 Kh7 29. Rgd1 Qg4 30. Qg2 Bxd4 31. Qxg4 hxg4 1/2-1/2

[Event "Bundesliga 9900"]
[Site "Deutschland"]
[Date "2000.02.20"]
[Round "11.2"]
[White "Babula, Vlastimil"]
[Black "Boensch, Uwe"]
[Result "1/2-1/2"]
[WhiteElo "2573"]
[BlackElo "2547"]
[PlyCount "64"]
[EventDate "1999.10.09"]
[EventType "team"]
[EventRounds "15"]
[EventCountry "GER"]
[SourceTitle "Bundesliga 9900"]
[Source "DeepChess"]
[SourceDate "2005.01.01"]
[SourceVersion "1"]
[SourceVersionDate "2005.01.01"]
[SourceQuality "1"]
[WhiteTeam "SAbt SV Werder Bremen"]
[BlackTeam "Dresdner SC 1898"]
[WhiteTeamCountry "GER"]
[BlackTeamCountry "GER"]

1. d4 Nf6 2. c4 e6 3. Nc3 d5 4. Bg5 Be7 5. e3 h6 6. Bh4 O-O 7. Nf3 b6 8. Bd3
Bb7 9. O-O Ne4 10. Bg3 c5 11. cxd5 exd5 12. Qe2 Nd7 13. Rad1 Nxg3 14. hxg3 c4
15. Bb1 a6 16. e4 dxe4 17. Nxe4 b5 18. Ne5 Qc7 19. Ng4 f5 20. Nc3 fxg4 21. Qxe7
Rae8 22. Qb4 Nf6 23. a4 Nd5 24. Nxd5 Bxd5 25. axb5 Qb7 26. Rfe1 axb5 27. Qd2
Bxg2 28. Qc2 Rxe1+ 29. Rxe1 Rf6 30. Re8+ Kf7 31. Qe2 Qd7 32. Re5 Bf3 1/2-1/2

[Event "Bundesliga 9900"]
[Site "Deutschland"]
[Date "2000.02.20"]
[Round "11.4"]
[White "Pelletier, Yannick"]
[Black "Maiwald, Jens Uwe"]
[Result "0-1"]
[WhiteElo "2478"]
[BlackElo "2524"]
[PlyCount "78"]
[EventDate "1999.10.09"]
[EventType "team"]
[EventRounds "15"]
[EventCountry "GER"]
[SourceTitle "Bundesliga 9900"]
[Source "DeepChess"]
[SourceDate "2005.01.01"]
[SourceVersion "1"]
[SourceVersionDate "2005.01.01"]
[SourceQuality "1"]
[WhiteTeam "SAbt SV Werder Bremen"]
[BlackTeam "Dresdner SC 1898"]
[WhiteTeamCountry "GER"]
[BlackTeamCountry "GER"]

1. d4 Nf6 2. c4 g6 3. Nc3 Bg7 4. e4 d6 5. Nf3 O-O 6. Be2 e5 7. O-O Nc6 8. d5
Ne7 9. b4 Ne8 10. c5 f5 11. Nd2 Nf6 12. f3 f4 13. Nc4 g5 14. a4 Ng6 15. cxd6
cxd6 16. Nb5 Ne8 17. Bd2 Rf7 18. Be1 Bd7 19. Na5 Qb8 20. Bf2 Bf6 21. Qb3 Bd8
22. Rfc1 Bxa5 23. bxa5 h5 24. Qd1 Qd8 25. a6 bxa6 26. Nxa7 g4 27. fxg4 f3 28.
Bxf3 hxg4 29. Bxg4 Rxf2 30. Nc6 Qg5 31. Kxf2 Bxg4 32. Qe1 Nf6 33. Rc3 Nf4 34.
g3 Ne2 35. Re3 Nxe4+ 36. Rxe4 Rf8+ 37. Kg2 Bf3+ 38. Kh3 Qf5+ 39. g4 Qh7+ 0-1

[Event "Bundesliga 9900"]
[Site "Deutschland"]
[Date "2000.02.20"]
[Round "11.6"]
[White "Heissler, Jakob"]
[Black "Goldberg, Alexander"]
[Result "1/2-1/2"]
[WhiteElo "2447"]
[BlackElo "2398"]
[PlyCount "85"]
[EventDate "1999.10.09"]
[EventType "team"]
[EventRounds "15"]
[EventCountry "GER"]
[SourceTitle "Bundesliga 9900"]
[Source "DeepChess"]
[SourceDate "2005.01.01"]
[SourceVersion "1"]
[SourceVersionDate "2005.01.01"]
[SourceQuality "1"]
[WhiteTeam "SAbt SV Werder Bremen"]
[BlackTeam "Dresdner SC 1898"]
[WhiteTeamCountry "GER"]
[BlackTeamCountry "GER"]

1. e4 e5 2. Nf3 Nc6 3. Bb5 a6 4. Ba4 Nf6 5. O-O Be7 6. Re1 b5 7. Bb3 O-O 8. h3
Bb7 9. d3 Re8 10. c3 Bf8 11. Bg5 h6 12. Bh4 d6 13. Nbd2 g6 14. Nf1 Bg7 15. Ne3
Qd7 16. a3 Nd8 17. Nh2 Ne6 18. Nhg4 Nh5 19. Nd5 Bxd5 20. Bxd5 c6 21. Ba2 Nef4
22. Qf3 Kh7 23. Rad1 f5 24. Ne3 Rf8 25. exf5 gxf5 26. Bg3 d5 27. Bxf4 Nxf4 28.
d4 Nd3 29. dxe5 Nxe1 30. Rxe1 Rae8 31. Nxf5 Bxe5 32. Bb1 Bh2+ 33. Kxh2 Rxe1 34.
Nxh6+ Rxb1 35. Qxf8 Qg7 36. Qf5+ Qg6 37. Qf4 Qxh6 38. Qf7+ Kh8 39. Qe8+ Kg7 40.
Qd7+ Kg6 41. Qe6+ Kh7 42. Qf7+ Kh8 43. Qe8+ 1/2-1/2

[Event "Bundesliga 9900"]
[Site "Deutschland"]
[Date "2000.02.20"]
[Round "11.7"]
[White "Gauglitz, Gernot"]
[Black "Meins, Gerlef"]
[Result "0-1"]
[WhiteElo "2390"]
[BlackElo "2414"]
[PlyCount "70"]
[EventDate "1999.10.09"]
[EventType "team"]
[EventRounds "15"]
[EventCountry "GER"]
[SourceTitle "Bundesliga 9900"]
[Source "DeepChess"]
[SourceDate "2005.01.01"]
[SourceVersion "1"]
[SourceVersionDate "2005.01.01"]
[SourceQuality "1"]
[WhiteTeam "Dresdner SC 1898"]
[BlackTeam "SAbt SV Werder Bremen"]
[WhiteTeamCountry "GER"]
[BlackTeamCountry "GER"]

1. d4 d5 2. c4 dxc4 3. Nf3 Nf6 4. e3 e6 5. Bxc4 c5 6. O-O a6 7. Qe2 b5 8. Bd3
cxd4 9. exd4 Be7 10. Nc3 Bb7 11. Bg5 O-O 12. Rad1 Nbd7 13. Ne5 Nxe5 14. dxe5
Nd5 15. Bxe7 Qxe7 16. Ne4 Nf4 17. Qg4 Nxd3 18. Rxd3 Bxe4 19. Qxe4 Rad8 20. Rfd1
Rxd3 21. Qxd3 g6 22. g3 Qb4 23. Qc2 Qa5 24. b3 b4 25. Qe2 Rb8 26. Rd6 Rb5 27.
f4 Rb6 28. Rd8+ Kg7 29. Qc2 Rb5 30. Qc8 Rd5 31. Rg8+ Kh6 32. Kg2 Qb5 33. Qc4
Rd2+ 34. Kh3 Qb7 35. Qf1 Qe4 0-1

[Event "Bundesliga 9900"]
[Site "Deutschland"]
[Date "2000.02.20"]
[Round "11.8"]
[White "Meyer, Claus Dieter"]
[Black "Wegener, Dirk"]
[Result "1/2-1/2"]
[WhiteElo "2313"]
[BlackElo "2307"]
[PlyCount "110"]
[EventDate "1999.10.09"]
[EventType "team"]
[EventRounds "15"]
[EventCountry "GER"]
[SourceTitle "Bundesliga 9900"]
[Source "DeepChess"]
[SourceDate "2005.01.01"]
[SourceVersion "1"]
[SourceVersionDate "2005.01.01"]
[SourceQuality "1"]
[WhiteTeam "SAbt SV Werder Bremen"]
[BlackTeam "Dresdner SC 1898"]
[WhiteTeamCountry "GER"]
[BlackTeamCountry "GER"]

1. Nf3 Nf6 2. d4 g6 3. g3 Bg7 4. Bg2 d5 5. O-O O-O 6. c4 c6 7. Qb3 a5 8. cxd5
Nxd5 9. Nc3 Na6 10. e4 Nxc3 11. bxc3 b5 12. Bf4 Be6 13. Qc2 Qc8 14. Ne5 Nb8 15.
Rac1 Bh3 16. Bxh3 Qxh3 17. a4 Bxe5 18. Bxe5 Nd7 19. Bf4 Rfe8 20. Rb1 e5 21. Be3
bxa4 22. Qxa4 exd4 23. cxd4 Rxe4 24. Qxc6 Rae8 25. Rb7 Nf8 26. Ra7 Qf5 27. Ra8
Rxa8 28. Qxa8 Kg7 29. d5 Nd7 30. Qxa5 Nf6 31. Rd1 Qf3 32. Qd2 Ng4 33. d6 Nxe3
34. fxe3 Re8 35. d7 Rd8 36. Rf1 Qg4 37. Rd1 Qf5 38. Qc3+ Qf6 39. Qc7 Qe7 40.
Rd3 Qf6 41. Rd4 Qe7 42. Qc3 Qf6 43. Qd3 Qe7 44. Rd5 Kg8 45. Qd4 Qe6 46. Rd6 Qe7
47. e4 h5 48. h4 Kh7 49. Kh2 Kg8 50. e5 Kh7 51. Kh3 Kg8 52. Kh2 Kh7 53. Qd5 Kh6
54. Kg2 Kh7 55. Qd4 Kg8 1/2-1/2

[Event "Bundesliga 9900"]
[Site "Deutschland"]
[Date "2000.02.20"]
[Round "11.2"]
[White "Gurevich, Mikhail"]
[Black "Sadler, Matthew"]
[Result "1-0"]
[WhiteElo "2694"]
[BlackElo "2630"]
[PlyCount "75"]
[EventDate "1999.10.09"]
[EventType "team"]
[EventRounds "15"]
[EventCountry "GER"]
[SourceTitle "Bundesliga 9900"]
[Source "DeepChess"]
[SourceDate "2005.01.01"]
[SourceVersion "1"]
[SourceVersionDate "2005.01.01"]
[SourceQuality "1"]
[WhiteTeam "Godesberger SK 1929"]
[BlackTeam "SG 1868 Aljech. Solingen"]
[WhiteTeamCountry "GER"]
[BlackTeamCountry "GER"]

1. d4 d5 2. c4 dxc4 3. e4 Nf6 4. e5 Nd5 5. Bxc4 Nc6 6. Nc3 Nb6 7. Bb5 Bd7 8.
Nf3 e6 9. O-O Nb4 10. Be2 Bc6 11. a3 N4d5 12. Bd3 Qd7 13. Ng5 O-O-O 14. Qh5 g6
15. Qe2 Bg7 16. Nce4 Qe8 17. Nf3 Kb8 18. Bg5 Rc8 19. Rfc1 h6 20. Bd2 g5 21. b3
f5 22. Nc5 Nf4 23. Bxf4 gxf4 24. a4 Bf8 25. Bb5 Bxf3 26. Qxf3 c6 27. a5 Nd7 28.
a6 Nxc5 29. dxc5 Rd8 30. axb7 Rd5 31. b4 Rh7 32. Rxa7 Kxa7 33. Qa3+ Kxb7 34.
Qa6+ Kb8 35. Ra1 Qc8 36. Qa8+ Kc7 37. Qxc6+ Kd8 38. Qe8+ 1-0

[Event "Bundesliga 9900"]
[Site "Deutschland"]
[Date "2000.02.20"]
[Round "11.5"]
[White "Kasimdzhanov, Rustam"]
[Black "Heinbuch, Detlef"]
[Result "1-0"]
[WhiteElo "2614"]
[BlackElo "2394"]
[PlyCount "93"]
[EventDate "1999.10.09"]
[EventType "team"]
[EventRounds "15"]
[EventCountry "GER"]
[SourceTitle "Bundesliga 9900"]
[Source "DeepChess"]
[SourceDate "2005.01.01"]
[SourceVersion "1"]
[SourceVersionDate "2005.01.01"]
[SourceQuality "1"]
[WhiteTeam "SG 1868 Aljech. Solingen"]
[BlackTeam "Godesberger SK 1929"]
[WhiteTeamCountry "GER"]
[BlackTeamCountry "GER"]

1. d4 c5 2. e4 cxd4 3. Nf3 Nc6 4. Nxd4 Nf6 5. Nc3 d6 6. Bg5 e6 7. Qd2 a6 8.
O-O-O Bd7 9. f4 h6 10. Bh4 g5 11. fxg5 Ng4 12. Nf3 hxg5 13. Bg3 Be7 14. Be2
Nge5 15. Rhf1 f6 16. Nxe5 Nxe5 17. Qe3 Qc7 18. Rd4 b5 19. Qd2 Rb8 20. Kb1 Bc6
21. Nd1 Rd8 22. Ne3 Qb7 23. Bf3 O-O 24. Qe2 Kg7 25. Bg4 Bd7 26. h3 Bc8 27. b3
Nc6 28. Rd2 Ne5 29. Bf3 Bd7 30. Rfd1 Bc6 31. Bg4 Bd7 32. Rd4 Bc8 33. Bf3 Nc6
34. Rxd6 Bxd6 35. Bxd6 Rh8 36. e5 f5 37. c4 Bd7 38. Be7 Qc7 39. Bf6+ Kg6 40.
Bxh8 Rxh8 41. Nxf5 exf5 42. Rd6+ Kg7 43. Qe3 f4 44. Qc5 Rh6 45. e6 Rxe6 46.
Qxg5+ Kf8 47. Qxf4+ 1-0

[Event "Bundesliga 9900"]
[Site "Deutschland"]
[Date "2000.02.20"]
[Round "11.6"]
[White "Jackelen, Thomas"]
[Black "Lobron, Eric"]
[Result "0-1"]
[WhiteElo "2368"]
[BlackElo "2550"]
[PlyCount "80"]
[EventDate "1999.10.09"]
[EventType "team"]
[EventRounds "15"]
[EventCountry "GER"]
[SourceTitle "Bundesliga 9900"]
[Source "DeepChess"]
[SourceDate "2005.01.01"]
[SourceVersion "1"]
[SourceVersionDate "2005.01.01"]
[SourceQuality "1"]
[WhiteTeam "Godesberger SK 1929"]
[BlackTeam "SG 1868 Aljech. Solingen"]
[WhiteTeamCountry "GER"]
[BlackTeamCountry "GER"]

1. Nf3 d5 2. c4 d4 3. g3 g6 4. Bg2 Bg7 5. d3 e5 6. b4 Ne7 7. Nbd2 Nd7 8. Nb3 h6
9. O-O O-O 10. Rb1 Rb8 11. e3 dxe3 12. fxe3 e4 13. dxe4 Nc6 14. Nbd4 Nce5 15.
c5 Qe7 16. Qc2 Nxf3+ 17. Nxf3 Re8 18. Bb2 Qxe4 19. Qxe4 Rxe4 20. Bxg7 Kxg7 21.
Nd4 Re7 22. c6 Ne5 23. cxb7 Bxb7 24. Rfc1 Bxg2 25. Kxg2 Rb6 26. Rb3 Ng4 27. Nc6
Re6 28. Nxa7 Ra6 29. Nb5 Rxa2+ 30. Kg1 Nxh2 31. Nd4 Rf6 32. Rbc3 Nf3+ 33. Nxf3
Rxf3 34. Rxc7 Rxg3+ 35. Kh1 Rgg2 36. b5 Rh2+ 37. Kg1 Rag2+ 38. Kf1 Rb2 39. Kg1
Rhe2 40. Rb7 h5 0-1

[Event "Bundesliga 9900"]
[Site "Deutschland"]
[Date "2000.02.20"]
[Round "11.7"]
[White "Naumann, Alexander"]
[Black "Schmidt, Bodo"]
[Result "1-0"]
[WhiteElo "2495"]
[BlackElo "2383"]
[PlyCount "97"]
[EventDate "1999.10.09"]
[EventType "team"]
[EventRounds "15"]
[EventCountry "GER"]
[SourceTitle "Bundesliga 9900"]
[Source "DeepChess"]
[SourceDate "2005.01.01"]
[SourceVersion "1"]
[SourceVersionDate "2005.01.01"]
[SourceQuality "1"]
[WhiteTeam "SG 1868 Aljech. Solingen"]
[BlackTeam "Godesberger SK 1929"]
[WhiteTeamCountry "GER"]
[BlackTeamCountry "GER"]

1. d4 d5 2. c4 c6 3. Nf3 Nf6 4. Nc3 a6 5. a4 Bf5 6. e3 e6 7. Ne5 h6 8. Bd3 Bxd3
9. Qxd3 Nbd7 10. Nxd7 Qxd7 11. O-O Bb4 12. f3 O-O 13. e4 dxc4 14. Qxc4 a5 15.
Be3 Rfd8 16. Rfd1 Qe8 17. Bf2 Rd7 18. Na2 Be7 19. Nc1 Bd8 20. Nd3 Be7 21. Rac1
Bf8 22. Qb3 Qb8 23. Nc5 Bxc5 24. dxc5 Qa7 25. Rxd7 Nxd7 26. Qd3 Nf8 27. Bg3 Qa6
28. Qxa6 Rxa6 29. Rd1 Ra8 30. Bc7 f6 31. f4 Kf7 32. Kf2 Ke8 33. Rd3 Nd7 34. Bd6
Kf7 35. Rb3 Ra7 36. Ke3 Ke8 37. Kd4 Kf7 38. g4 g6 39. e5 f5 40. gxf5 gxf5 41.
h4 Kg6 42. Rg3+ Kh5 43. Rg7 b6 44. cxb6 Rb7 45. Rxd7 Rxd7 46. b4 axb4 47. a5 b3
48. Kc3 Rb7 49. Bc7 1-0

[Event "Bundesliga 9900"]
[Site "Deutschland"]
[Date "2000.02.20"]
[Round "11.8"]
[White "Breder, Dennis"]
[Black "Chandler, Murray G"]
[Result "1/2-1/2"]
[WhiteElo "2303"]
[BlackElo "2527"]
[PlyCount "64"]
[EventDate "1999.10.09"]
[EventType "team"]
[EventRounds "15"]
[EventCountry "GER"]
[SourceTitle "Bundesliga 9900"]
[Source "DeepChess"]
[SourceDate "2005.01.01"]
[SourceVersion "1"]
[SourceVersionDate "2005.01.01"]
[SourceQuality "1"]
[WhiteTeam "Godesberger SK 1929"]
[BlackTeam "SG 1868 Aljech. Solingen"]
[WhiteTeamCountry "GER"]
[BlackTeamCountry "GER"]

1. e4 c5 2. Nf3 Nc6 3. Bb5 g6 4. O-O Bg7 5. c3 Nf6 6. Re1 O-O 7. d4 d5 8. e5
Ne4 9. Bxc6 bxc6 10. Nbd2 cxd4 11. cxd4 Rb8 12. Nf1 f6 13. exf6 exf6 14. Qc2
Qd6 15. b3 Bd7 16. Bb2 Rfe8 17. Ng3 Nxg3 18. hxg3 Bf8 19. Qd2 Rb5 20. Rxe8 Bxe8
21. Qe3 Rb8 22. Ne1 Bd7 23. Nd3 Re8 24. Qd2 Bf5 25. Nc5 Qe7 26. Bc3 Qc7 27. Re1
Rxe1+ 28. Qxe1 Kf7 29. Ba5 Qb8 30. Qe2 Qb5 31. Qxb5 cxb5 32. Bc7 Bxc5 1/2-1/2

[Event "Bundesliga 9900"]
[Site "Deutschland"]
[Date "2000.02.20"]
[Round "11.1"]
[White "Ftacnik, Lubomir"]
[Black "Movsesian, Sergei"]
[Result "1/2-1/2"]
[WhiteElo "2579"]
[BlackElo "2668"]
[PlyCount "69"]
[EventDate "1999.10.09"]
[EventType "team"]
[EventRounds "15"]
[EventCountry "GER"]
[SourceTitle "Bundesliga 9900"]
[Source "DeepChess"]
[SourceDate "2005.01.01"]
[SourceVersion "1"]
[SourceVersionDate "2005.01.01"]
[SourceQuality "1"]
[WhiteTeam "Hamburger SK 1830 e.V."]
[BlackTeam "SF Neukoelln 03 e.V."]
[WhiteTeamCountry "GER"]
[BlackTeamCountry "GER"]

1. d4 Nf6 2. c4 g6 3. Nc3 Bg7 4. e4 d6 5. Nf3 O-O 6. Be2 e5 7. O-O c6 8. Re1
Na6 9. Bf1 Bg4 10. dxe5 Bxf3 11. gxf3 dxe5 12. Qxd8 Rfxd8 13. Be3 Bf8 14. Rad1
Nc5 15. Rxd8 Rxd8 16. Rd1 Rxd1 17. Nxd1 a5 18. Bh3 Ne8 19. Bc8 b5 20. Bxc5 Bxc5
21. Bd7 Nd6 22. Bxc6 bxc4 23. Nc3 Kf8 24. Kf1 Bd4 25. Nb5 Ke7 26. Nxd6 Kxd6 27.
Bd5 Kc5 28. b3 c3 29. Ke2 f5 30. Kd3 f4 31. Bg8 h6 32. Bf7 g5 33. a3 Kb6 34. h3
Kc5 35. Be8 1/2-1/2

[Event "Bundesliga 9900"]
[Site "Deutschland"]
[Date "2000.02.20"]
[Round "11.2"]
[White "Bunzmann, Dimitrij"]
[Black "Kempinski, Robert"]
[Result "1-0"]
[WhiteElo "2502"]
[BlackElo "2528"]
[PlyCount "103"]
[EventDate "1999.10.09"]
[EventType "team"]
[EventRounds "15"]
[EventCountry "GER"]
[SourceTitle "Bundesliga 9900"]
[Source "DeepChess"]
[SourceDate "2005.01.01"]
[SourceVersion "1"]
[SourceVersionDate "2005.01.01"]
[SourceQuality "1"]
[WhiteTeam "SF Neukoelln 03 e.V."]
[BlackTeam "Hamburger SK 1830 e.V."]
[WhiteTeamCountry "GER"]
[BlackTeamCountry "GER"]

1. d4 Nf6 2. c4 g6 3. Nc3 Bg7 4. e4 d6 5. Nf3 O-O 6. Be2 e5 7. O-O Na6 8. Re1
c6 9. Bf1 Bg4 10. d5 Nb4 11. Be2 a5 12. h3 Bc8 13. a3 Na6 14. b4 c5 15. bxc5
Nxc5 16. Bd3 Nfd7 17. Bg5 f6 18. Be3 Nxd3 19. Qxd3 f5 20. a4 f4 21. Bc1 Nc5 22.
Qd1 Bd7 23. Ba3 Rc8 24. Rb1 g5 25. Bxc5 Rxc5 26. Rxb7 Rxc4 27. Qb3 Rc5 28. Nb5
Be8 29. Na7 Kh8 30. Nc6 Bxc6 31. dxc6 Rxc6 32. Rb1 Qf6 33. Qb5 Rfc8 34. Rb8 Bf8
35. Rxc8 Rxc8 36. Qxa5 h5 37. Qa7 Rd8 38. Rb7 Kg8 39. Rh7 Bg7 40. Rxh5 d5 41.
exd5 e4 42. Nxg5 e3 43. fxe3 fxe3 44. Qxe3 Qa1+ 45. Kh2 Be5+ 46. g3 Qa2+ 47.
Kh1 Rxd5 48. Nf3 Rd1+ 49. Ng1 Rd2 50. Rg5+ Kf7 51. Qa7+ Kf8 52. Qa8+ 1-0

[Event "Bundesliga 9900"]
[Site "Deutschland"]
[Date "2000.02.20"]
[Round "11.4"]
[White "Berndt, Stephan"]
[Black "Mueller, Karsten"]
[Result "1-0"]
[WhiteElo "2500"]
[BlackElo "2527"]
[PlyCount "83"]
[EventDate "1999.10.09"]
[EventType "team"]
[EventRounds "15"]
[EventCountry "GER"]
[SourceTitle "Bundesliga 9900"]
[Source "DeepChess"]
[SourceDate "2005.01.01"]
[SourceVersion "1"]
[SourceVersionDate "2005.01.01"]
[SourceQuality "1"]
[WhiteTeam "SF Neukoelln 03 e.V."]
[BlackTeam "Hamburger SK 1830 e.V."]
[WhiteTeamCountry "GER"]
[BlackTeamCountry "GER"]

1. e4 e6 2. d4 d5 3. Nc3 Bb4 4. e5 Ne7 5. a3 Bxc3+ 6. bxc3 b6 7. Qg4 Ng6 8. h4
h5 9. Qd1 Ba6 10. Bxa6 Nxa6 11. Bg5 f6 12. Qd3 Kf7 13. Rh3 Nb8 14. Rf3 Nd7 15.
exf6 gxf6 16. Nh3 Qe7 17. Kf1 Rag8 18. Re1 Ke8 19. Nf4 Nxf4 20. Bxf4 c6 21. c4
Nf8 22. cxd5 cxd5 23. c4 Qd7 24. Rc1 Ke7 25. Qb3 Ng6 26. Qb4+ Kf7 27. Bg5 f5
28. cxd5 Rc8 29. dxe6+ Qxe6 30. Re1 Qd7 31. Qb1 Rhe8 32. Rxf5+ Kg7 33. Bf6+ Kh6
34. Rxe8 Qxe8 35. Qd1 Kh7 36. Rxh5+ Kg8 37. Be5 Rc3 38. Kg1 Qc6 39. Qg4 Rxa3
40. Rh8+ Kf7 41. Qf5+ Ke7 42. Rh7+ 1-0